| 000 | 00519cam a2200193ua 4500 | ||
|---|---|---|---|
| 001 | 10210 | ||
| 008 | 171011n ii |||gr||||Z||||||asm | ||
| 020 | _a8176800538 | ||
| 040 | _cMAIN | ||
| 041 | _aasm | ||
| 082 | _a330 | ||
| 100 |
_aGoel, J.P., _eAuthor. |
||
| 245 |
_aIntroductory economics (micro and macro) : _bclass XII (A) / _cBy J.P. Goel and H. Goswami . |
||
| 260 |
_aDibrugarh: _bTushar publishing, _c2016. |
||
| 300 | _a550+4 p. | ||
| 653 | _aEconomics | ||
| 700 |
_aGoswami, H., _eAuthor. |
||
| 942 | _cBK | ||
| 999 |
_c9207 _d9207 |
||